000 00327nam a22001337a 4500
008 171014b xxu||||| |||| 00| 0 eng d
020 _a9780880992596
041 _aeng
080 _a331
100 _a52
101 _aPUN
245 _aTHE DECLINE IN EMPLOYMENT OF PEOPLE WITH DISABILITIES
_cSTAPLETON, D,C
942 _2udc
_cBK
999 _c33926
_d33926